Statistiques concernant Discographie de Winnterzuko

Cliquez ici pour prendre le quiz!

Statistiques générales

  • Ce quiz a été pris 24 fois
  • Le résultat moyen est 32 sur 88

Statistiques - réponses

AidesFeaturingRéponse% Correct
WINNTERMANIAKhaliDIRTY
94%
WINNTERMANIABRUCE LEE
88%
WINNTERMANIARealo, So La LuneLA RUCHE
88%
2036Trotski
81%
WINNTERMANIAwasting shit8H36
75%
WINNTERMANIAJE SUIS MUSIK
75%
Règlement Freestyle: S5Le RèglementKino
75%
WINNTERMANIAPAPA T OU
75%
WINNTERMANIASYNCHRONICITY
75%
VONgrv triste :(
69%
deepstarSkunaMonono
69%
WINNTERMANIANAKAMA
69%
SingleOff
69%
Gearless ManiaNaraSerpentard
69%
WINNTERMANIASUZUKI
69%
VON115
63%
WINNTERMANIAGEARLESS
63%
2036 + 4Happy Meal
56%
Que de l'amourGhost Killer TrackOxygène
56%
WINNTERMANIAVAN GOGH
56%
SingleRoseboy666100 pompes
50%
2036BoogiePop
50%
2036 + 4Deep Girl
50%
2036 + 4Dolores
50%
SingleJeep
50%
VONKimura
50%
2036lol
50%
2036Rollo
50%
Gearless ManiaMnRakaKennyBrakmar
44%
VONDeadstar
44%
WINNTERMANIADEVIL JIN
44%
was+e +ape vol3wasting shitELEVATOR
44%
VONEnfer et paradis
44%
deepstarSkuna#FreeBritney
44%
2036 + 4Godless
44%
VONIBM 5100
44%
DystopiaBeamerMr. Rabbit
44%
deepstarSkunaNascar
44%
Gearless ManiaBeamerNetwork
44%
2036NyluuNew Wave
44%
deepstarSkunaNumero Deep
44%
Teahupooeat for ratsParasite
44%
2036TimeTravel
44%
deepstarSkunaFM VIta
38%
VONRealoHelp!
38%
SingleJessica Hyde
38%
deepstarSkunaPGM
38%
BASSLINERealoREVERBERE
38%
uu SymphonieNyluuToxine
38%
200abel312031
31%
SingleMnRakaKennyDevil Bats
31%
Gearless ManiaGreco
31%
DystopiaBeamerMI5
31%
DystopiaBeamerR.I.P Christos
31%
SingleSalieri
31%
DystopiaBeamerUtopia Pt.1
31%
GATEZoomybastille
25%
SingleEnvy
25%
SingleNeilHeart
25%
EMOTIONRealoLE MONDE
25%
Nessun dormaEmpty7Pas de chance
25%
DystopiaBeamerRaisin Boy
25%
SingleTrapless
25%
SoundCloudYungRevrbwannacry
25%
UP!Bricksy & 3gMovie
19%
TSUBASABeamerMustang
19%
SingleRealo, BeamerBRAZY
13%
Overseas Vol.1MelloCausa
13%
EnmaBeamerGet It
13%
SoundCloudAsgard
6%
SingleBeamerCrossover
6%
SoundCloudEner
6%
SingleWassup RioHellsing
6%
SoundCloudJohn Titor
6%
SoundCloudAldana
0%
SoundCloudwoodpeckerCanel
0%
SoundCloudZeroDEFCON 1
0%
SoundCloudMYSTXRYEdward Bernays
0%
SoundCloud + FeatHieiEscadron Genesis
0%
SoundCloudKriss la Krass
0%
SoundCloudNoah Bennet
0%
SoundCloudNoblesse Oblige
0%
SoundCloudpersona grata
0%
SoundCloudMNRPhantomhive
0%
SoundCloudZeroReva Diamonds
0%
SoundCloudSpaggiari
0%
SoundCloudTrop Deuss
0%
SoundCloudZeppeli
0%

Distribution des résultats

Percentile par nombre de réponses

% des personnes avec chaque résultat

Votre développement - résultats

Vous n’avez pas pris ce quiz